| 000 | 00000nam##2200000za#4500 |
| 001 | 9.630775 |
| 003 | CaOODSP |
| 005 | 20220328113256 |
| 007 | cr ||||||||||| |
| 008 | 150407|2002||||xxc|||||o f|0| 0 fre|d |
| 020 | |a0-662-87118-9 |
| 040 | |aCaOODSP|bfre |
| 043 | |an-cn--- |
| 086 | 1 |aIu4-5/2002F-PDF |
| 110 | 1 |aCanada. |bIndustrie Canada. |
| 245 | 13|aLa stratégie d'innovation du Canada : |h[ressource électronique]|bnouvelles idées, novelles possibilités : trousse de participation |
| 246 | 1 |iTitre de renvoi : |aTrousse de participation - la stratégie d'innovation du Canada : nouvelles idées, novelles possibilités |
| 260 | |aOttawa - Ontario : |bIndustrie Canada |c[2002]. |
| 300 | |a18p.|bfigures |
| 500 | |aLe nº de catalogue (Iu4-5/2002) et l'ISBN (0-662-66563-5) de l'édition imprimée bilingue ont été incorrectement copiés dans cette publication électronique. |
| 590 | |a12-17-Supp|b2012-04-20 |
| 691 | 07|aInnovation|2gcpds |
| 691 | 07|aInnovation technologique|2gcpds |
| 691 | 07|aPolitique gouvernementale|2gcpds |
| 775 | 08|tCanada's innovation strategy : |w(CaOODSP)9.686299 |
| 776 | 0#|tCanada's innovation strategy |w(CaOODSP)9.663737 |
| 776 | 0#|tLa stratégie d'innovation du Canada |w(CaOODSP)9.663738 |
| 856 | 40|ahttp://publications.gc.ca|qPDF|s171 Ko|uhttps://publications.gc.ca/collections/Collection/Iu4-5-2002F.pdf |
| 986 | |a53702B |